00493nam a2200145Ia 4500008004100000100001700041245008800058245005100146260003900197260000900236300001100245650001800256650001500274856005800289170221s9999 xx 000 0 und d aPilar Lacasa aMedia as Practice: Narrative and Conceptual Approach for Qualitative Data Analysis  cPilar Lacasa, Rut Martinez-Borda, Laura Mendez bStudies in Media and Communication c2013 a33 : 6 xCommunication xMedia Arts uhttp://redfame.com/journal/index.php/smc/issue/view/6